Powiaty województwa Małopolskiego - nagła śmierć - Statystyki

Ogólne statystyki
  • Ten quiz został rozwiązany 11 razy
  • Średni wynik to 15 z 21
Answers on the Grid
Answers color-coded by a green-red scale on the quiz's grid according to % correct below.
aleksandrowski
bielski
bocheński
bolesławiecki
brzeski
buski
chrzanowski
CZĘSTOCHOWA
dąbrowski
gorlicki
hajnowski
KRAKÓW
limanowski
złotoryjski
miechowski
myślenicki
nowosądecki
wolsztyński
nowotarski
NOWY SĄCZ
olkuski
ostrowski
oświęcimski
proszowicki
sandomierski
sokólski
suski
świdnicki
TARNÓW
tarnowski
tatrzański
tomaszowski
wadowicki
wałecki
wielicki
wodzisławski
 
Statystyki odpowiedzi
Odpowiedź % Poprawnych
bocheński
88%
brzeski
88%
limanowski
88%
olkuski
88%
TARNÓW
88%
tarnowski
88%
chrzanowski
75%
KRAKÓW
75%
miechowski
75%
NOWY SĄCZ
75%
wadowicki
75%
dąbrowski
63%
gorlicki
63%
myślenicki
63%
nowosądecki
63%
nowotarski
63%
oświęcimski
63%
proszowicki
63%
suski
63%
tatrzański
63%
wielicki
63%
Nie znaleziono quizów pasujących do podanych kryteriów
Rozkład punktacji
Procent ludzi z każdym wynikiem
Percentyl według liczby udzielonych odpowiedzi
Twoja historia wyników
Nie rozwiązałeś tego quizu